|
|
|
|
| LEADER |
00000nam a22000007a 4500 |
| 005 |
20190906214647.0 |
| 007 |
cr|||| |||| |
| 008 |
190906s2018 co |||||s|||| 00||0 spa d |
| 020 |
|
|
|a 978-958-774-695-2
|
| 035 |
|
|
|a 24810
|
| 040 |
|
|
|a vLex
|
| 090 |
|
|
|c 9423
|d 9423
|
| 100 |
1 |
|
|a Rettberg, Angelika
|
| 245 |
1 |
0 |
|a Estudios sobre la seguridad nacional en Colombia II
|h [Recurso electrn̤ico] :
|b La contribucin̤ de Francisco Leal Buitrago /
|c Angelika Rettberg, Laura Wills-Otero, Alejo Vargas Vels̀quez
|n Tomo V
|
| 256 |
|
|
|a Servicio en ln̕ea
|
| 260 |
|
|
|a Bogot:̀
|b Universidad de Los Andes (Colombia),
|c 2018
|
| 300 |
|
|
|a 1 recurso electrn̤ico
|
| 500 |
|
|
|a La Obra de Francisco Leal Buitrago recoge algunas de las principales contribuciones del socil̤ogo colombiano. El props̤ito de esta recopilacin̤ es celebrar la contribucin̤ de quien ha sido artf̕ice fundamental del desarrollo de las ciencias sociales en Colombia y poner al alcance de las nuevas generaciones de estudiantes y acadm̌icos el conocimiento pionero producido por Leal. Los temas que ha tratado —la preocupacin̤ por el Estado y el rǧimen, la seguridad y las sucesivas crisis— son fieles reflejos de las p̌ocas que ha vivido el pas̕; no en vano sus publicaciones an︢ hoy forman parte del canon de la ciencia polt̕ica colombiana y latinoamericana. Esta reedicin̤ es, sin duda, una excelente oportunidad , no solo para dedicar algunas reflexiones a la obra en mencin̤, sino para darle unas palabras de agradecimiento a Francisco Leal, quien, a travš de su ct̀edra, para unos, y de sus amplios y serios trabajos escritos, para otros, nos introdujo, familiariz ̤y ense ̨̤la importancia, para las ciencias sociales en general y para los anl̀isis polt̕icos en particular, de la comprensin̤ del Estado, de entender la dinm̀ica del rǧimen polt̕ico —con todas sus derivaciones—, los partidos polt̕icos, el Congreso y, por supuesto, los temas militares y los atinentes a la seguridad y la defensa. No hay duda de que Leal ha sido uno de los pioneros en nuestro pas̕ en todos estos campos. Es nuestro deseo que la reedicin̤ de estos textos sea no solo un tributo al legado de Francisco Leal Buitrago, sino tambiň una invitacin̤ a retomar y profundizar nuestro conocimiento acerca del rǧimen polt̕ico, la formacin̤ estatal y su relacin̤ con fenm̤enos sociales como la violencia y las economa̕s ilc̕itas.
|
| 506 |
1 |
|
|a Disponible solo en los productos indicados
|d vLex Global
|d vLex Global (Academic Edition, excluding Law Schools)
|d vLex Global (U.S. Academic Edition, Law Schools)
|d vLex Global (U.S. Academic Edition, excluding Law Schools)
|d vLex Global (Academic Edition, Law Schools)
|
| 650 |
0 |
4 |
|a Derecho Constitucional
|z Colombia
|
| 650 |
0 |
4 |
|a Ciencia polt̕ica
|z Colombia
|
| 700 |
1 |
|
|a Wills-Otero, Laura
|
| 700 |
1 |
|
|a Vargas Vels̀quez, Alejo
|
| 740 |
0 |
|
|a vLex Libros (Servicio en ln̕ea)
|
| 856 |
4 |
0 |
|u http://vlex.com/source/estudios-sobre-la-seguridad-nacional-en-colombia-ii-la-contribucion-de-francisco-leal-buitrago-24810
|z Acceso restringido
|
| 942 |
|
|
|c BOOK
|
| 999 |
0 |
|
|a Constitutional Law
|
| 999 |
0 |
|
|a Political Science
|